عرض عادي
عرض مارك
- John, David T.
مدخل إسم شخص
001 - رقم الضبط
- حقل الضبط: 38888
003 - معرف رقم الضبط
- حقل الضبط: OSt
005 - تاريخ ووقت أخر عملية
- حقل الضبط: 20131102072233.0
008 - عناصر بيانات ثابتة الطول
- حقل تحكم ثابت الطول: 131102|||a|||||| | ||| d
040 ## - مصدر الفهرسة
- هيئة الفهرسة الأصلية: OSt
- وكالة الكتابة: OSt
100 ## - مدخل -- أسم شخص
- إسم شخص: John, David T.
670 ## - بيانات المصدر موجوده
- الاستشهاد بالمصدر: Work cat.: (OSt)0: John, David T., Markell and Voge's medical parasitology /, 2006.
